000 01256nam0a22002771 4500
001 rc\4151444
005 20260407143210.0
021 _aRU
_b[47-1848]
035 _a(NLR Aleph) 008170101
090 _a7848959
_c7848959
100 _a20130415d1947 |||y0rusy50 ca
101 0 _arus
102 _aRU
105 _aa z |||||
200 1 _aТехнические условия на гипсобетонные конструкции
_e[Разраб. Центр. науч.-исслед. ин-том пром. сооружений
_eУтв. Техн. упр. Наркомстроя]
210 _aМосква
_cИзд-во и типолит. № 1 Стройвоенмориздата
_d1947
215 _a49 с.
_cчерт.
_d23
300 _aПереизд. с изд. Стройиздата 1944 г.
606 _aПлиты гипсобетонные
_xТехнические условия
_2psbo
710 1 2 _aСССР. Нар. ком. по строительству. Техническое управление
712 0 2 _aЦНИИ промышленных сооружений
_cМосква
_3RU\NLR\AUTH\8810014876
_9527633
801 0 _aRU
_bNLR
_gpsbo
801 1 _aRU
_bELAR
_2rusmarc
852 _aNLR
_jТ80 Г-6/431
942 _cBOOK
980 _aNB